Представление документа в формате RUSMARC

ПолеНазваниеЗначение
  Тип записи a
  Библиографический уровень a
001 Контрольный номер RU/CBS_Ul/BASE/521489223
005 Дата корректировки 20240209175202.7
100 Данные общей обработки __
a Данные общей обработки 20160710d2016 ||| 0rusy0189 ca
101 Язык документа 0_
a Язык текста rus
102 Страна публикации __
a Страна публикации RU
105 Кодированные данные (монография) __
a Кодированные данные (монография) y###||||000|y
200 Заглавие и сведения об ответственности 1_
a Заглавие Кто заставил нервировать Мулю?
b Общее обозначение материала Текст
e Сведения, относящиеся к заглавию [детская поэтесса А. Барто - сценарист кинофильма "Подкидыш"]
f Первые сведения об ответственности Л. Аннинский
300 Общие примечания __
a Общие примечания Ограничения по возрасту - 12+
461 Уровень набора _0
1 2000
a Родина
463 Уровень физической единицы _0
1 001RU/CBS_Ul/BASE/512324584
1 2000
a № 2
v С. 92-93 : фото
1 210
d 2016
600 Персоналии _0
a Персоналии (Фамилия) Барто
b Персоналии (Имя, инициалы) А.Л.
606 Тематические рубрики 0_
a Основная рубрика Барто, Агния Львовна (1906 - 1981)
606 Тематические рубрики 0_
a Основная рубрика Художественно-игровое кино - СССР
610 Ключевые слова 0_
a Ключевые слова литература советская
a Ключевые слова детская литература
a Ключевые слова детские поэтессы
a Ключевые слова детские писательницы
a Ключевые слова кино советское
a Ключевые слова киноискусство советское
a Ключевые слова киносценаристы советские
a Ключевые слова Подкидыш (фильмы)
686 Индексы других классификаций __
a Классификационный индекс 83.3(2Рос=Рус)6
2 Код системы ББК
686 Индексы других классификаций __
a Классификационный индекс 85.374(2)
2 Код системы ББК
700 Автор _1
a Фамилия Аннинский
b Имя (инициалы) Л.
g Полное личное имя Лев
801 Источник записи _0
a Страна RU
b Организация МБУК ЦБС г. Ульяновска
c Дата составления 20160710
g Правила каталогизации RCR
801 Источник записи _1
a Страна RU
b Организация МБУК ЦБС г. Ульяновска
c Дата составления 20160710
g Правила каталогизации RCR
901 Тип документа __
t Тип документа b
w Контрольный № источника RU/CBS_Ul/BASE/512324584
910 Корректоры записи __
a Корректор записи Ильина
938 Служебная информация __
a Имя БД period